Statistics for Countries Containing H

Click here to take the quiz!

General Stats

  • This quiz has been taken 5,853 times
    (1,704 since last reset)
  • The average score is 22 of 29

Answer Stats

country% Correct
Honduras
92%
Haiti
91%
Hungary
91%
Chile
87%
South Korea
86%
South Africa
85%
China
84%
North Korea
84%
Bhutan
82%
South Sudan
81%
Kazakhstan
79%
Netherlands
79%
Afghanistan
77%
Marshall Islands
77%
Thailand
77%
Liechtenstein
76%
Bahrain
75%
Bosnia and
Herzegovina
74%
Lithuania
74%
North
Macedonia
74%
Bahamas
73%
Bangladesh
73%
Chad
72%
Philippines
72%
Ghana
71%
Czechia
69%
Ethiopia
66%
Seychelles
61%
Lesotho
57%

Score Distribution

Percentile by Number Answered

Percent of People with Each Score

Your Score History

You have not taken this quiz since the last reset